| 000 | 00508nam a2200181 a 4500 | ||
|---|---|---|---|
| 005 | 20140412111240.0 | ||
| 008 | 010430s19uu xx 00 eng d | ||
| 020 | _a0-590-03029-9 | ||
| 050 |
_aTR(PS E _bVe62 1987 |
||
| 100 | _aCarle, Eric | ||
| 245 |
_aVery hungry caterpillar (The) / _cby Eric Carle. |
||
| 260 |
_aNew York : _bScholastic Inc, _c1987. |
||
| 300 | _a1v. (unp.) ; ill. | ||
| 650 | _aCaterpillar-Stories | ||
| 650 | _aButterflies-Stories | ||
| 650 | _aDays of the week | ||
| 999 |
_c102677 _d102677 |
||